Manual de salud para prevenir las enfermedades : consejos prácticos por prestigiosos especialistas /

Contenido: 1) Accidentes; 2) Alergia; 3) Cardiovascular; 4) Dermatología; 5) Dieta; 6) Ejercicio físico; 7) Endocrinología; 8) Estomatología; 9) Geriatría; 10) Ginecología; 11) Infecciones e infecciosas; 12) Neumología; 13) Oftalmología; 14) Oncología; 16) Otorrinolaringología; 17) Pediatría; 18) Ps...

Ful tanımlama

Kaydedildi:
Detaylı Bibliyografya
Müşterek Yazar: Eydos
Diğer Yazarlar: Rabadán González, María Angeles (colaboración) (colaboración)
Materyal Türü: Kitap
Dil:İspanyolca
Baskı/Yayın Bilgisi: Madrid, España : Alhambra, 2002, c2002
Konular:
Etiketler: Etiketle
Etiket eklenmemiş, İlk siz ekleyin!

MARC

LEADER 00000nam^a2200000^a^4500
001 000327171
005 20250521000000.0
009 20260310113828.564
020 |a 84-205-3595-8 
037 |a Acervo ITESO - Biblioteca 
041 |a ESP 
082 |a 613.  |b EYD 
110 |a Eydos 
245 1 0 |a Manual de salud para prevenir las enfermedades :  |b consejos prácticos por prestigiosos especialistas /  |c Eydos ; colaboración de M.A. Rabadán González... [et al.] ; pról. de Manuel Torreiglesias. 
264 4 |a Madrid, España :  |b Alhambra,  |c 2002, c2002 
300 |a XXVI, 412 p. 
336 |a texto  |b txt  |2 rdacontenido 
337 |a sin mediación  |b n  |2 rdamedio 
338 |a volumen  |b nc  |2 rdasoporte 
520 |a Contenido: 1) Accidentes; 2) Alergia; 3) Cardiovascular; 4) Dermatología; 5) Dieta; 6) Ejercicio físico; 7) Endocrinología; 8) Estomatología; 9) Geriatría; 10) Ginecología; 11) Infecciones e infecciosas; 12) Neumología; 13) Oftalmología; 14) Oncología; 16) Otorrinolaringología; 17) Pediatría; 18) Psiquiatría; 19) Tabaco; 20) Traumatología; 21) Urología; 22) Vascular. 
649 |a XX 
650 |a Enfermedades -  |x Prevención 
650 |a Enfermedades -  |x Generalidades 
650 |a Medicina Preventiva -  |x Tema Principal 
650 |a Salud -  |x Generalidades -  |x Tema Principal 
700 |a Rabadán González, María Angeles  |e (colaboración) 
910 |a Fondo General 
920 |a Impresos - Libros 
930 |a Colección General 
905 |a 101 
901 |a 0500216066  |b IT1  |c ACC  |i C134992  |u 20250521 
902 |a https://opac.biblio.iteso.mx/vufind/Record/000327171